|
|
|
|
| LEADER |
00000nab a2200000 a 4500 |
| 001 |
vtls011111920 |
| 003 |
SK-MaSNL |
| 005 |
20260303150825.0 |
| 008 |
230222|1998 xo |||||||||||||||||slo| |
| 015 |
|
|
|a SNBRB
|
| 035 |
|
|
|a (uuid)4957efcd-f78b-428e-aa4c-9f104ea1595c
|
| 035 |
|
|
|a (urnnbn)urn:nbn:sk:snk:ar-a08ftl
|
| 035 |
|
|
|a urn:nbn:sk:snk-ab9iew
|
| 040 |
|
|
|a SNKBUCL
|b slo
|c SNKBUCL
|e AACR2
|
| 041 |
0 |
|
|a slo
|
| 044 |
|
|
|a xo
|c SK
|
| 100 |
1 |
|
|a Janáč, Alexander,
|d 1939-
|4 aut
|9 213711
|
| 245 |
1 |
0 |
|a METODOLÓGIA TVORBY TECHNOLOGICKÉHO POSTUPU PRE CAPP SYSTÉM VYUŽÍVAJÚCI SKUPINOVÚ TECHNOLÓGIU
|c Alexander Janáč, Ivan Kuric
|
| 700 |
1 |
|
|a Kuric, Ivan,
|d 1964-
|4 aut
|9 217636
|
| 773 |
0 |
|
|t Vedecké práce Materiálovotechnologickej fakulty Slovenskej technickej univerzity v Bratislave so sídlom v Trnave
|g Č. 6 (1998), s. 31-36
|
| 954 |
|
|
|a odborná, vedecká literatúra pôvodná (slovenská)
|2 lita
|
| 958 |
|
|
|a OND
|
| 958 |
|
|
|a EUIPO
|
| 958 |
|
|
|a article13
|
| 999 |
|
|
|c 2013749
|d 2015679
|